№ 11; Методы менеджмента качества. Надежность и контроль качества

書目詳細資料
Parent link:Методы менеджмента качества. Надежность и контроль качества: научно-технический журнал/ Российская Федерация, Государственный комитет по стандартизации и метрологии (Госстандарт России). № 11.— , 1999-.— 0130-6898
語言:俄语
出版: 1999
格式: MixedMaterials 圖書
KOHA link:https://koha.lib.tpu.ru/cgi-bin/koha/opac-detail.pl?biblionumber=506835

MARC

LEADER 00000nam2a2200000 4500
001 506835
005 20231101103316.0
035 |a (RuTPU)RU\TPU\prd\177966 
035 |a RU\TPU\prd\177964 
090 |a 506835 
100 |a 20130521a19999999k y0rusy50 ca 
101 0 |a rus 
102 |a RU 
200 0 |a № 11 
210 |d 1999 
461 1 |0 (RuTPU)RU\TPU\prd\1635  |x 0130-6898  |t Методы менеджмента качества. Надежность и контроль качества  |o научно-технический журнал  |f Российская Федерация, Государственный комитет по стандартизации и метрологии (Госстандарт России)  |v № 11  |d 1999- 
801 0 |a RU  |b 63413507  |c 20010227  |g PSBO 
801 1 |a RU  |b 63413507  |c 20120924 
801 2 |a RU  |b 63413507  |c 20130521  |g RCR 
942 |c BK 
999 |a НТБ_ТПУ  |b НФ  |e -4/20130109  |p П-7520а  |u 0,00  |v 1